Health care : regulation, economics, ethics, practice /

Bibliographic Details
Other Authors: Abelson, Philip Hauge
Format: Book
Language:English
Published: Washington, D.C. : American Association for the Advancement of Science, [1978]
Series:AAAS publication ; 78-12.
Special science compendium.
Subjects:

MARC

Tag First Indicator Second Indicator Subfields
LEADER 00000cam a2200000 a 4500
001 in00000086149
005 20151008062554.0
008 790115s1978 dcua b 00100 eng d
010 |a  78067824  
020 |a 0871683024 
020 |a 0871682400 (pbk.) 
035 |a (OCoLC)04551123 
035 |9 AAK0503AM 
040 |a IUL  |c IUL  |d WQM  |d OCL  |d m.c.  |d TXA  |d UtOrBLW 
043 |a n-us--- 
049 |a TXAM  |c [1272064] 
090 |a RA395.A3  |b H4 
090 |a Q181.A1  |b A68 no. 78-12 
096 |a W 84 AA1 H434 1978 
245 0 0 |a Health care :  |b regulation, economics, ethics, practice /  |c edited by Philip H. Abelson. 
264 1 |a Washington, D.C. :  |b American Association for the Advancement of Science,  |c [1978] 
264 4 |c ©1978 
300 |a 258 pages :  |b illustrations ;  |c 29 cm. 
336 |a text  |b txt  |2 rdacontent 
337 |a unmediated  |b n  |2 rdamedia 
338 |a volume  |b nc  |2 rdacarrier 
490 1 |a A Special Science compendium 
490 1 |a AAAS publication ;  |v 78-12 
504 |a Includes bibliographies and index. 
650 0 |a Medical care  |z United States. 
650 2 |a Health Services  |z United States  |x essays. 
700 1 |a Abelson, Philip Hauge. 
830 0 |a AAAS publication ;  |v 78-12. 
830 0 |a Special science compendium. 
999 |a MARS 
999 f f |s cc9dfa48-5e6e-3e85-9ef5-4ccf85d4bc89  |i 70eadccb-e377-393e-a740-6b40b28e491d  |t 0 
952 f f |p ric  |a Texas A&M University  |b Rellis Campus  |c Joint Library Facility  |d Remote Storage  |t 0  |e Q181.A1 A68 no. 78-12  |h Library of Congress classification  |i unmediated -- volume  |m A14806199595 
998 f f |a Q181.A1 A68 no. 78-12  |t 0  |l Remote Storage